00354 a2200109 4500001001000000005001700010008004100027245007100068100003100139700002300170773005100193ART_3149320260410161707.0260409a 10aNuevo régimen de información para administradores de consorcio1 aCarratalá, Juan Martín1 aAlbano, Horacio O.0 tRevista Impuestosg- Nº 2 (ene. 2007)wREV639